000 00334nam a2200145Ia 4500
008 150201s2003 xx 000 0 und d
082 _a617.64
_bR2003R
100 _aRANI,M.S.
245 _aREMOVABLE ORTHODONTICS
250 _a2ND
260 _bAIPD
_aDELHI
_c2003
300 _a1-240
650 _aORTHODONTICS
942 _2ddc
_cBK
_04
999 _c3395
_d3395